Applied therapeutics : (Record no. 31768)
[ view plain ]
| 000 -LEADER | |
|---|---|
| fixed length control field | 01446cam a2200301 a 4500 |
| 001 - CONTROL NUMBER | |
| control field | vtls003240845 |
| 003 - CONTROL NUMBER IDENTIFIER | |
| control field | MY-SjTCS |
| 005 - DATE AND TIME OF LATEST TRANSACTION | |
| control field | 20200306155519.0 |
| 008 - FIXED-LENGTH DATA ELEMENTS--GENERAL INFORMATION | |
| fixed length control field | 120912s2013 paua b 001 0 eng d |
| 020 ## - INTERNATIONAL STANDARD BOOK NUMBER | |
| International Standard Book Number | 9781451175769 (hbk. : int. ed.) |
| 020 ## - INTERNATIONAL STANDARD BOOK NUMBER | |
| International Standard Book Number | 9781609137137 |
| 039 #9 - LEVEL OF BIBLIOGRAPHIC CONTROL AND CODING DETAIL [OBSOLETE] | |
| Level of rules in bibliographic description | 201411051656 |
| Level of effort used to assign nonsubject heading access points | fadzli0512 |
| Level of effort used to assign subject headings | 201401070926 |
| Level of effort used to assign classification | izani |
| Level of effort used to assign subject headings | 201210091001 |
| Level of effort used to assign classification | pushpa |
| -- | 201209120957 |
| -- | malathy |
| 082 04 - DEWEY DECIMAL CLASSIFICATION NUMBER | |
| Classification number | 615.58 |
| Item number | APP 2013 |
| 245 00 - TITLE STATEMENT | |
| Title | Applied therapeutics : |
| Remainder of title | the clinical use of drugs / |
| Statement of responsibility, etc. | edited by Mary Anne Koda-Kimble ... [et al.] ; assistant editors, Brian K. Alldredge, Robin L. Corelli. |
| 246 34 - VARYING FORM OF TITLE | |
| Title proper/short title | Koda-Kimble & Young's applied therapeutics : |
| Remainder of title | the clinical use of drugs |
| 246 3# - VARYING FORM OF TITLE | |
| Title proper/short title | Koda-Kimble and Young's applied therapeutics : |
| Remainder of title | the clinical use of drugs |
| 250 ## - EDITION STATEMENT | |
| Edition statement | 10th ed. / |
| Remainder of edition statement | edited by Brian K. Alldredge ... [et al.] |
| 260 ## - PUBLICATION, DISTRIBUTION, ETC. | |
| Place of publication, distribution, etc. | Philadelphia, PA : |
| Name of publisher, distributor, etc. | Wolters Kluwer Health/Lippincott Williams & Wilkins, |
| Date of publication, distribution, etc. | c2013. |
| 300 ## - PHYSICAL DESCRIPTION | |
| Extent | xxxix, 2519 p. : |
| Other physical details | ill. ; |
| Dimensions | 29 cm. |
| 500 ## - GENERAL NOTE | |
| General note | Rev. ed. of: Applied therapeutics : the clinical use of drugs / edited by Mary Anne Koda-Kimble ... [et al.]. 9th ed. c2009. |
| 504 ## - BIBLIOGRAPHY, ETC. NOTE | |
| Bibliography, etc. note | Includes bibliographical references and index. |
| 650 #0 - SUBJECT ADDED ENTRY--TOPICAL TERM | |
| Topical term or geographic name entry element | Chemotherapy. |
| 9 (RLIN) | 204669 |
| 650 #0 - SUBJECT ADDED ENTRY--TOPICAL TERM | |
| Topical term or geographic name entry element | Pharmacology. |
| 9 (RLIN) | 206806 |
| 650 #0 - SUBJECT ADDED ENTRY--TOPICAL TERM | |
| Topical term or geographic name entry element | Chemotherapy |
| Form subdivision | Handbooks, manuals, etc. |
| 9 (RLIN) | 45804 |
| 700 1# - ADDED ENTRY--PERSONAL NAME | |
| Personal name | Koda-Kimble, Mary Anne. |
| 9 (RLIN) | 65121 |
| 700 1# - ADDED ENTRY--PERSONAL NAME | |
| Personal name | Alldredge, Brian K. |
| 9 (RLIN) | 65120 |
| 920 ## - Programme | |
| Programme | PHA : 188449, 209507, 214192 |
| Withdrawn status | Lost status | Source of classification or shelving scheme | Damaged status | Not for loan | Home library | Current library | Date acquired | Total Checkouts | Barcode | Date last seen | Date last checked out | Copy number | Uniform Resource Identifier | Koha item type | Public note | Total Renewals |
|---|---|---|---|---|---|---|---|---|---|---|---|---|---|---|---|---|
| Withdrawn | Dewey Decimal Classification | Taylor's Library-TU | Taylor's Library-TU | 05/11/2014 | 5000153245 | 05/12/2019 | 15/07/2016 | 1 | Floor 4, Shelf 18 , Side 1, TierNo 5, BayNo 1 | Main Collection | SOPxx,31001,03,RM | |||||
| Withdrawn | Dewey Decimal Classification | Taylor's Library-TU | Taylor's Library-TU | 08/10/2012 | 15 | 5000136278 | 05/12/2019 | 13/02/2019 | 1 | Floor 4, Shelf 18 , Side 1, TierNo 5, BayNo 1 | Main Collection | SOPxx,31001,03,AD | ||||
| Dewey Decimal Classification | Taylor's Library-TU | Taylor's Library-TU | 06/01/2014 | 14 | 5000151648 | 22/10/2025 | 09/10/2025 | 1 | Floor 4, Shelf 18 , Side 1, TierNo 5, BayNo 2 | Main Collection | SOPxx,31001,03,RA | 1 |